Taylor Swift - Devine les chansons par le refrain #7 - Statistiques

Statistiques générales
  • Ce quiz a été pris 177 fois
  • Le résultat moyen est 10 sur 15
Statistiques - réponses
Hint Réponse % Correct
'Cause, baby, now we got ***You know it used to be mad love So take a look what you've done 'Cause, baby, now we got ***, hey Now we got problems And I don't think we can solve them You made a really deep cut And, baby, now we got ***, hey Bad Blood
98%
Can I go where you go?Can we always be this close? Forever and ever, ah Take me out, and take me home You're my, my, my, my *** Lover
96%
In the middle of the night, in my dreamsYou should see the things we do, baby, mmm In the middle of the night, in my dreams I know I'm gonna be with you, so I take my time Are you ***? ...Ready For It?
94%
Now I'm ***, cryin' at the gymEverything comes out teenage petulance "Fuck it if I can't have him" "I might just die, it would make no difference" ***, wakin' up in blood Starin' at the sky, come back and pick me up Fuck it if I can't have us I might just not get up, I might stay Down Bad
90%
And I chose youThe one I was dancing with In New York, no shoes Looked up at the sky and it was The burgundy on my t-shirt When you splashed your wine into me And how the blood rushed into my cheeks So scarlet, it was The mark thеy saw on my collarbone The rust that grew bеtween telephones The lips I used to call home So scarlet, it was *** Maroon
85%
She's not a saint and she's not what you thinkShe's an actress, woah He was a moth to the flame She was holding the matches, woah Soon, she's gonna find stealing other people's toys On the playground won't make you many friends She should keep in mind, she should keep in mind There is nothing I do ***, ha Better Than Revenge
84%
I wait by the door like I'm just a kidUse my best colors for your portrait Lay the table with the fancy shit And watch you *** If it's all in my head, tell me now Tell me I've got it wrong somehow I know my love should be celebrated But you *** tolerate it
82%
And there's nothing like a ***What a shame she went mad No one likes a *** You made her like that And you'll poke that bear 'til her claws come out And you find something to wrap your noose around And there's nothing like a *** mad woman
72%
Cross your thoughtless heartOnly liquor anoints you She's *** She is here to destroy you The Albatross
59%
So don't look at me, you got a ***And everybody knows that, everybody knows that, ah-ah Don't look at me, you got a *** And everybody knows that, еverybody knows that I see you turn off your phone And now you've got mе alone, and I say Don't look at me, you got a *** And everybody knows that, everybody knows that Girl At Home
49%
Oh, my, love is a lieShit my friends say to get me by It *** It *** this time Catastrophic blues Movin' on was always easy for me to do It *** It *** 'cause it's you Hits Different
47%
But now that we're done and it's overI bet you couldn't believe When you realized I'm harder to forget than I was to leave And *** I Bet You Think About Me
41%
'Cause I can't help it if you look like an angelCan't help it if I wanna kiss you in the rain, so Come feel this magic I've been feelin' since I met you Can't help it if there's no one else Mmm, I can't help myself Hey Stephen
27%
You're here, your eyes are lookin' into mine So baby, make me fly My heart has never felt this way before I'm looking through your— I'm looking through your eyes Beautiful Eyes
18%
I'm only up when you're not downDon't wanna fly if you're still on the ground It's like no matter what I do Well, you drive me crazy half the time The other half, I'm only tryin' to Let you know that what I feel is true And *** I’m Only Me When I’m With You
18%
Aucun quiz correspondant
Distribution des résultats
% des personnes avec chaque résultat
Percentile par nombre de réponses
Votre historique - résultats
Vous n’avez pas pris ce quiz